Návrh synchrónneho usmerňovača na sekundárnej strane DC/DC meniča

Salvato in:
Dettagli Bibliografici
Autore principale: Leška, Martin, 1986- (Autore)
Altri autori: Hribik, Ján, 1948- (Relatore della tesi)
Natura: Manoscritto Libro
Lingua:slovacco
Pubblicazione: Bratislava : STU v Bratislave FEI, 2012
Soggetti:
Accesso online:VAIS
Tags: Aggiungi Tag
Nessun Tag, puoi essere il primo ad aggiungerne!!

MARC

LEADER 00000ntm a22000003a 4500
001 stu250713
005 20150617230228.8
008 120717s2012----xo------------------slo-d
040 |a STU  |b slo 
041 0 |a slo 
044 |a xo 
100 1 |a Leška, Martin,  |d 1986-  |4 aut  |u E  |T FEI Fakulta elektrotechniky a informatiky  |X 28592  |U E  |Y 30  |7 A000028592 
242 0 0 |a Design of synchronous rectifier on the secondary side of DC / DC converter  |y eng 
245 1 |a Návrh synchrónneho usmerňovača na sekundárnej strane DC/DC meniča 
260 |a Bratislava :  |b STU v Bratislave FEI,  |c 2012 
300 |a 50 s 
650 7 |a Electronics  |2 estusub 
650 7 |a efficiency  |2 estusub 
650 7 |a straty  |2 stusub 
650 7 |a účinnosť  |2 stusub 
700 1 |a Hribik, Ján,  |d 1948-  |4 ths  |u E030  |U FEI Fakulta elektrotechniky a informatiky  |T FEI Ústav elektroniky a fotoniky  |X 2057  |U E030  |Y 549  |7 A000002057 
856 4 |a info a plný text  |u http://is.stuba.sk/zp/portal_zp.pl?podrobnosti=65063  |3 VAIS 
996 |b 284ER00825  |c E*Bc-825  |l EE33  |s P  |a 0  |w stu250713_0001